[Event "4NCL"]
[Site "De Vere, Wokefield Park, ENG"]
[Date "2011.02.20"]
[Round "6.14"]
[White "Thomas, Nicholas"]
[Black "Arkell, Keith C"]
[Result "0-1"]
[WhiteElo "2286"]
[BlackElo "2412"]
[PlyCount "92"]
[EventDate "2011.??.??"]
[WhiteTeam "Warwickshire Select 1"]
[BlackTeam "Cheddleton 1"]

1. e4 c6 2. d4 d5 3. e5 c5 4. dxc5 Nc6 5. Bb5 Qa5+ 6. Nc3 e6 7. a3 Qc7 8. Nf3
Bxc5 9. Bf4 Nge7 10. Bd3 a6 11. O-O f5 12. exf6 Qxf4 13. fxe7 Bxe7 14. Ne2 Qf6
15. Nfd4 e5 16. Nxc6 bxc6 17. c3 O-O 18. b4 e4 19. Bc2 Bg4 20. c4 Rad8 21. Qd2
Qe5 22. Rae1 h5 23. Qd4 Qg5 24. cxd5 cxd5 25. Ng3 Bf6 26. Qe3 h4 27. Ne2 h3 28.
Qxg5 Bxg5 29. Nd4 hxg2 30. Kxg2 Bd2 31. Rb1 Bc3 32. h3 Bh5 33. Bd1 Bf7 34. Nc6
Rd6 35. Ne7+ Kh8 36. Bg4 d4 37. Nf5 Rf6 38. Ng3 Bd5 39. Ne2 e3+ 40. f3 Bc4 41.
f4 Bd2 42. f5 d3 43. Nf4 e2 44. Ng6+ Rxg6 45. fxg6 exf1=Q+ 46. Kh2 Bf4# 0-1

[Event "4NCL"]
[Site "De Vere, Wokefield Park, ENG"]
[Date "2011.02.20"]
[Round "6.14"]
[White "Bellin, Robert"]
[Black "Fishburne, Stewart K"]
[Result "1-0"]
[WhiteElo "2367"]
[BlackElo "2093"]
[PlyCount "113"]
[EventDate "2011.??.??"]
[WhiteTeam "Cheddleton 1"]
[BlackTeam "Warwickshire Select 1"]

1. e4 g6 2. d4 Bg7 3. Nc3 d6 4. f4 Nf6 5. Nf3 O-O 6. Bd3 Nc6 7. O-O Bg4 8. e5
dxe5 9. dxe5 Nd5 10. h3 Bxf3 11. Qxf3 Ncb4 12. Nxd5 Nxd5 13. a3 c6 14. c4 Nc7
15. Rd1 Qc8 16. Be3 f6 17. exf6 Bxf6 18. Rd2 Ne6 19. c5 Nc7 20. Bc4+ e6 21. g3
Nd5 22. Re1 Qd7 23. Bd4 Qg7 24. Bxf6 Qxf6 25. Qg4 Rae8 26. Re5 Re7 27. Rde2
Rfe8 28. h4 h5 29. Qf3 Kf7 30. R2e4 Rh8 31. Qe2 Rhe8 32. Qe1 Rh8 33. Kg2 Ree8
34. Qa5 a6 35. Qe1 Re7 36. b4 Ree8 37. Qd2 Re7 38. Re2 Ree8 39. Qe1 Re7 40. Qc1
Ree8 41. Qc2 Rhg8 42. Qb3 Re7 43. Qf3 Ree8 44. Kh3 Re7 45. a4 Rge8 46. Qb3 Rc8
47. b5 axb5 48. axb5 Ree8 49. Qf3 Rcd8 50. f5 gxf5 51. Qxh5+ Kg7 52. Qf3 Re7
53. b6 Rc8 54. Qf2 Kf7 55. Bd3 Kg7 56. Qf3 Ree8 57. Bxf5 1-0

[Event "4NCL"]
[Site "De Vere, Wokefield Park, ENG"]
[Date "2011.02.20"]
[Round "6.14"]
[White "Clarke, Brandon GI"]
[Black "Eggleston, David J"]
[Result "1/2-1/2"]
[WhiteElo "2110"]
[BlackElo "2303"]
[PlyCount "126"]
[EventDate "2011.??.??"]
[WhiteTeam "Warwickshire Select 1"]
[BlackTeam "Cheddleton 1"]

1. e4 c5 2. Nf3 d6 3. d4 cxd4 4. Nxd4 Nf6 5. Nc3 a6 6. Bg5 Nbd7 7. f4 Qc7 8.
Qf3 h6 9. Bxf6 Nxf6 10. Nd5 Nxd5 11. exd5 g6 12. O-O-O Bg7 13. Qe4 Bf6 14. Bd3
Qb6 15. c3 Bd7 16. Rhe1 O-O-O 17. Nc2 Kb8 18. Qb4 Qxb4 19. Nxb4 g5 20. f5 h5
21. Nc2 g4 22. Ne3 Rdg8 23. Kd2 Rg5 24. Ke2 Be5 25. Rh1 h4 26. Rdf1 Kc7 27. h3
gxh3 28. gxh3 f6 29. Rhg1 Rhg8 30. Rxg5 Rxg5 31. Ng4 Kb6 32. Ke3 Be8 33. Ke4 a5
34. Be2 a4 35. Rf3 Kc5 36. b4+ axb3 37. axb3 b5 38. Rd3 Bd7 39. Rf3 Rg8 40. Rd3
Ra8 41. b4+ Kb6 42. Ne3 Rc8 43. Nd1 Rc4+ 44. Rd4 Bxd4 45. Bxc4 bxc4 46. Kxd4
Bxf5 47. Nf2 Kb5 48. Ke3 Bc8 49. Kd4 Bd7 50. Ke3 Ka4 51. Ke4 Kb3 52. Kd4 f5 53.
Nh1 f4 54. Nf2 f3 55. Ne4 Bxh3 56. Nd2+ Ka4 57. Nxf3 e5+ 58. dxe6 Bxe6 59. Nxh4
Kb5 60. Ng6 Bf7 61. Ne7 Be6 62. Nd5 Bf7 63. Ne3 Be6 1/2-1/2

[Event "4NCL"]
[Site "De Vere, Wokefield Park, ENG"]
[Date "2011.02.20"]
[Round "6.14"]
[White "Wallace, Paul A"]
[Black "Weaving, Richard"]
[Result "1-0"]
[WhiteElo "2245"]
[BlackElo "2027"]
[PlyCount "81"]
[EventDate "2011.??.??"]
[WhiteTeam "Cheddleton 1"]
[BlackTeam "Warwickshire Select 1"]

1. e4 e5 2. Nf3 Nc6 3. Bb5 a6 4. Ba4 Nf6 5. O-O Be7 6. Re1 b5 7. Bb3 d6 8. c3
O-O 9. d4 Bg4 10. Be3 Na5 11. Bc2 c5 12. d5 Qc7 13. Nbd2 c4 14. h3 Bd7 15. Nf1
Nb7 16. g4 h5 17. N3h2 hxg4 18. hxg4 Qc8 19. g5 Ng4 20. Nxg4 Bxg4 21. f3 Bd7
22. Ng3 g6 23. Qd2 Qd8 24. Kg2 Kg7 25. f4 exf4 26. Bd4+ f6 27. Qxf4 Nc5 28. Rh1
Bc8 29. gxf6+ Bxf6 30. Raf1 Nd7 31. Qh6+ Kf7 32. Qh7+ Ke8 33. Qxg6+ Rf7 34.
Bxf6 Qxf6 35. Rxf6 Nxf6 36. Rf1 Ke7 37. Nh5 Bh3+ 38. Kxh3 Rh8 39. Qxf7+ Kxf7
40. Rxf6+ Ke7 41. Rf5 1-0

[Event "4NCL"]
[Site "De Vere, Wokefield Park, ENG"]
[Date "2011.02.20"]
[Round "6.14"]
[White "Baruch, Andrew JD"]
[Black "Steil-Antoni, Fiona"]
[Result "1/2-1/2"]
[WhiteElo "2089"]
[BlackElo "2118"]
[PlyCount "27"]
[EventDate "2011.??.??"]
[WhiteTeam "Warwickshire Select 1"]
[BlackTeam "Cheddleton 1"]

1. c4 e6 2. g3 d5 3. Bg2 Nf6 4. Nf3 Be7 5. O-O O-O 6. b3 c5 7. Bb2 Nc6 8. cxd5
Nxd5 9. Nc3 Bf6 10. Qc1 b6 11. Nxd5 exd5 12. d4 Nxd4 13. Nxd4 cxd4 14. Qd2
1/2-1/2

[Event "4NCL"]
[Site "De Vere, Wokefield Park, ENG"]
[Date "2011.02.20"]
[Round "6.14"]
[White "McKenna, Jason P"]
[Black "Stepanyan, Astghik"]
[Result "1-0"]
[WhiteElo "2062"]
[BlackElo "1823"]
[PlyCount "63"]
[EventDate "2011.??.??"]
[WhiteTeam "Cheddleton 1"]
[BlackTeam "Warwickshire Select 1"]

1. e4 c5 2. Nf3 Nc6 3. d4 cxd4 4. Nxd4 d6 5. Nc3 Nf6 6. Bc4 Qb6 7. Ndb5 a6 8.
Be3 Qa5 9. Nd4 Nxe4 10. Qf3 f5 11. Nxc6 bxc6 12. O-O-O d5 13. Nxd5 cxd5 14.
Bxd5 Rb8 15. Bc6+ Kf7 16. Bxe4 e6 17. Rd5 Qxa2 18. Rxf5+ exf5 19. Bd5+ Qxd5 20.
Qxd5+ Be6 21. Qe5 Be7 22. Bd4 Bg5+ 23. f4 Bf6 24. Qc7+ Be7 25. Re1 Rhe8 26.
Bxg7 Rbc8 27. Qe5 Rc6 28. g4 Bb3 29. Bh8 Rxc2+ 30. Kb1 Rxh8 31. Qxe7+ Kg6 32.
Qg5+ 1-0

[Event "4NCL"]
[Site "De Vere, Wokefield Park, ENG"]
[Date "2011.02.20"]
[Round "6.15"]
[White "McShane, Luke J"]
[Black "Palliser, Richard JD"]
[Result "1-0"]
[WhiteElo "2664"]
[BlackElo "2445"]
[PlyCount "89"]
[EventDate "2011.??.??"]
[WhiteTeam "Wood Green Hilsmark 1"]
[BlackTeam "White Rose 1"]

1. e4 c5 2. Nc3 Nc6 3. Nge2 Nf6 4. g3 g6 5. Bg2 Bg7 6. a3 d6 7. Rb1 Nd4 8. O-O
h5 9. h4 Ng4 10. d3 e6 11. Nf4 Bd7 12. Nh3 Qc7 13. Bd2 Bc6 14. Ne2 b6 15. Nef4
Bb7 16. c3 Nc6 17. Ng5 Qd7 18. Bh3 Nd8 19. f3 Nf6 20. d4 cxd4 21. cxd4 d5 22.
e5 Nh7 23. Nxh7 Rxh7 24. Be3 Nc6 25. b4 Ne7 26. Qd3 a6 27. Ne2 Bh6 28. Bxh6
Rxh6 29. Rfc1 Bc6 30. Nc3 Nf5 31. Kf2 Qe7 32. Qd2 Rh8 33. Bxf5 gxf5 34. a4 Kf8
35. b5 axb5 36. axb5 Be8 37. Ne2 f6 38. exf6 Qxf6 39. Rc7 Kg8 40. Rb7 Rh7 41.
Rxb6 Rha7 42. Rb2 Bd7 43. Nf4 Ra4 44. Nxh5 Qh8 45. Rb7 1-0

[Event "4NCL"]
[Site "De Vere, Wokefield Park, ENG"]
[Date "2011.02.20"]
[Round "6.15"]
[White "Wells, Peter K"]
[Black "Gordon, Stephen J"]
[Result "0-1"]
[WhiteElo "2487"]
[BlackElo "2528"]
[PlyCount "84"]
[EventDate "2011.??.??"]
[WhiteTeam "White Rose 1"]
[BlackTeam "Wood Green Hilsmark 1"]

1. d4 Nf6 2. c4 e6 3. Nc3 Bb4 4. e3 O-O 5. Bd3 d5 6. Nf3 c5 7. O-O Nc6 8. a3
Ba5 9. h3 Qe7 10. Qc2 dxc4 11. Bxc4 cxd4 12. exd4 Rd8 13. Rd1 h6 14. Bf4 Nd5
15. Bg3 Nxc3 16. bxc3 Re8 17. Bd3 Bc7 18. Bh7+ Kh8 19. Be4 Bxg3 20. fxg3 Bd7
21. Rf1 f5 22. Bxc6 Bxc6 23. Ne5 Be4 24. Ng6+ Kh7 25. Qxe4 fxe4 26. Nxe7 Rxe7
27. Rfe1 Rc8 28. Re3 Rec7 29. g4 Rxc3 30. Rxe4 Rd3 31. Ra2 Rc6 32. a4 Rd6 33.
Rb2 R3xd4 34. Rxd4 Rxd4 35. Rxb7 Rxa4 36. Re7 Ra6 37. Kf2 Kg6 38. Kf3 Kf6 39.
Rb7 Ra1 40. Ke3 a5 41. h4 a4 42. Kf4 g5+ 0-1

[Event "4NCL"]
[Site "De Vere, Wokefield Park, ENG"]
[Date "2011.02.20"]
[Round "6.15"]
[White "Pert, Nicholas"]
[Black "McNab, Colin A"]
[Result "1/2-1/2"]
[WhiteElo "2570"]
[BlackElo "2454"]
[PlyCount "136"]
[EventDate "2011.??.??"]
[WhiteTeam "Wood Green Hilsmark 1"]
[BlackTeam "White Rose 1"]

1. d4 d6 2. e4 g6 3. Nc3 Bg7 4. Be3 Nf6 5. Qd2 c6 6. Bh6 Bxh6 7. Qxh6 Qa5 8.
Bd3 c5 9. d5 Nbd7 10. Nf3 b5 11. O-O c4 12. Be2 b4 13. Nd1 Qc5 14. Ng5 Ne5 15.
Ne3 a5 16. a3 Rb8 17. axb4 Rxb4 18. Ra2 Qb6 19. Rfa1 Rxb2 20. Rxa5 Rb1+ 21. Bf1
Rxa1 22. Rxa1 Ba6 23. h3 Kd7 24. c3 Rc8 25. Ra4 Bb5 26. Rb4 Qc5 27. Rb1 Ra8 28.
Nc2 Kc7 29. Nd4 Bd7 30. f4 Nd3 31. Qg7 h6 32. Qxf7 hxg5 33. Qxe7 Nxe4 34. Qxe4
Nxf4 35. Kh1 Qxd5 36. Qxd5 Nxd5 37. Bxc4 Ne3 38. Be6 Bxe6 39. Nxe6+ Kd7 40.
Nxg5 Ra2 41. g4 Nc4 42. Nf3 Rf2 43. Nd4 d5 44. Kg1 Rd2 45. Rb7+ Kd6 46. Rf7 Ne5
47. Rf2 Rxf2 48. Kxf2 Kc5 49. Nf3 Nd3+ 50. Ke3 Kc4 51. Kd2 Nf2 52. Ne5+ Kc5 53.
Nd3+ Nxd3 54. Kxd3 g5 55. Ke2 d4 56. cxd4+ Kxd4 57. Kf2 Ke5 58. Ke3 Kd5 59. Ke2
Ke6 60. Kf2 Ke5 61. Kf3 Kf6 62. Ke4 Ke6 63. Kd4 Kd6 64. Kd3 Ke5 65. Ke3 Kd5 66.
Kd2 Kd4 67. Ke2 Ke4 68. Kf2 Ke5 1/2-1/2

[Event "4NCL"]
[Site "De Vere, Wokefield Park, ENG"]
[Date "2011.02.20"]
[Round "6.15"]
[White "Croad, Nicolas"]
[Black "Houska, Jovanka"]
[Result "0-1"]
[WhiteElo "2290"]
[BlackElo "2419"]
[PlyCount "86"]
[EventDate "2011.??.??"]
[WhiteTeam "White Rose 1"]
[BlackTeam "Wood Green Hilsmark 1"]

1. d4 d5 2. c4 c6 3. Nf3 Nf6 4. e3 Bg4 5. Nc3 e6 6. h3 Bxf3 7. Qxf3 Nbd7 8. Bd3
Bd6 9. cxd5 exd5 10. Bd2 O-O 11. g4 Bb4 12. g5 Bxc3 13. Bxc3 Ne4 14. Bxe4 dxe4
15. Qxe4 Qxg5 16. Qg4 Qd5 17. O-O-O Nf6 18. Qh4 Ne4 19. Rhg1 f5 20. Kb1 Rae8
21. Rc1 Rf7 22. Qf4 Qb5 23. f3 Nf6 24. Ka1 Nd5 25. Qh4 Qe2 26. e4 fxe4 27. fxe4
Qxe4 28. Rg4 Qe3 29. Rgg1 Nxc3 30. bxc3 Qd3 31. Rg3 Qd2 32. Qg5 Qxg5 33. Rxg5
Re2 34. Rcg1 g6 35. R5g2 Re3 36. Rg3 Rff3 37. Rxf3 Rxf3 38. Kb2 Rxh3 39. Rd1 h5
40. Kb3 Re3 41. d5 cxd5 42. Rxd5 Kf7 43. Rd7+ Re7 0-1

[Event "4NCL"]
[Site "De Vere, Wokefield Park, ENG"]
[Date "2011.02.20"]
[Round "6.15"]
[White "Martin, Andrew D"]
[Black "Weller, Jean-Luc"]
[Result "1-0"]
[WhiteElo "2406"]
[BlackElo "2154"]
[PlyCount "73"]
[EventDate "2011.??.??"]
[WhiteTeam "Wood Green Hilsmark 1"]
[BlackTeam "White Rose 1"]

1. g3 Nf6 2. Bg2 d5 3. Nf3 c6 4. O-O Bg4 5. h3 Bh5 6. d3 Nbd7 7. Nbd2 e5 8. e4
dxe4 9. dxe4 Be7 10. a4 Qc7 11. Qe1 O-O 12. Nh4 Ne8 13. Nf5 Bd8 14. Nc4 Bg6 15.
Bd2 a5 16. b4 axb4 17. Bxb4 c5 18. Bc3 f6 19. Qb1 Bf7 20. Qb5 Be6 21. Rfd1 g6
22. Nfe3 Ra6 23. Rab1 Rf7 24. Bf1 Kf8 25. a5 Nb8 26. Nb6 Nd6 27. Qd3 Be7 28.
Ned5 Qc6 29. Qe3 Ra7 30. Rd2 Kg7 31. f4 exf4 32. Qxf4 Bxd5 33. Nxd5 Bd8 34. e5
fxe5 35. Qxe5+ Kh6 36. Ne3 Bg5 37. h4 1-0

[Event "4NCL"]
[Site "De Vere, Wokefield Park, ENG"]
[Date "2011.02.20"]
[Round "6.15"]
[White "Messam-Sparks, Lateefah"]
[Black "Thomassen, Joachim"]
[Result "0-1"]
[WhiteElo "1904"]
[BlackElo "2404"]
[PlyCount "74"]
[EventDate "2011.??.??"]
[WhiteTeam "White Rose 1"]
[BlackTeam "Wood Green Hilsmark 1"]

1. d4 Nf6 2. c4 g6 3. Nc3 Bg7 4. e4 d6 5. Bd3 Nbd7 6. Nf3 O-O 7. O-O e5 8. dxe5
dxe5 9. h3 c6 10. Be3 Qe7 11. Qe2 Nh5 12. Qc2 Nc5 13. Ne2 f5 14. Bxc5 Qxc5 15.
Nd2 f4 16. Kh2 Qe7 17. g3 Bd7 18. c5 Kh8 19. b4 Rf6 20. Ng1 Bh6 21. Nc4 Raf8
22. Rad1 Bg5 23. Qb2 Kg8 24. Nxe5 fxg3+ 25. fxg3 Rxf1 26. Bxf1 Nxg3 27. Rxd7
Nxf1+ 28. Kh1 Qe6 29. Rxb7 Bf6 30. Ngf3 Qxh3+ 31. Kg1 Qxf3 32. Nxf3 Bxb2 33.
Kxf1 Rxf3+ 34. Ke2 Ra3 35. Rc7 Bc3 36. Rxc6 Bxb4 37. Rc8+ Kf7 0-1

[Event "4NCL"]
[Site "De Vere, Wokefield Park, ENG"]
[Date "2011.02.20"]
[Round "6.16"]
[White "Kosten, Anthony C"]
[Black "Mah, Karl CC"]
[Result "1/2-1/2"]
[WhiteElo "2498"]
[BlackElo "2428"]
[PlyCount "92"]
[EventDate "2011.??.??"]
[WhiteTeam "Guildford A&DC 1"]
[BlackTeam "Cambridge University 1"]

1. c4 e6 2. Nf3 d5 3. b3 Nf6 4. Bb2 Be7 5. g3 O-O 6. Bg2 a5 7. O-O a4 8. Na3
Nbd7 9. d3 b6 10. cxd5 Nxd5 11. e4 N5f6 12. Nc4 axb3 13. axb3 Rxa1 14. Bxa1 c5
15. Ng5 b5 16. Ne3 Ne8 17. Nh3 Bf6 18. d4 cxd4 19. Bxd4 Nc7 20. Bxf6 Nxf6 21.
Qxd8 Rxd8 22. Rc1 Nfe8 23. e5 Rd3 24. Bc6 Bd7 25. Nf4 Rd4 26. Bb7 Kf8 27. Nc2
Rd2 28. Nb4 f6 29. Nfd3 Nd5 30. exf6 Nexf6 31. h3 Nxb4 32. Nxb4 Rb2 33. Rc3 e5
34. Nd3 Rb1+ 35. Kg2 Be6 36. Nc5 Bf7 37. Re3 e4 38. Nxe4 Rxb3 39. Nxf6 gxf6 40.
Kf3 Rxe3+ 41. Kxe3 b4 42. Kd4 Ke7 43. Be4 Be6 44. Bxh7 Bxh3 45. Kc4 f5 46. Bg8
f4 1/2-1/2

[Event "4NCL"]
[Site "De Vere, Wokefield Park, ENG"]
[Date "2011.02.20"]
[Round "6.16"]
[White "Dearing, Edward J"]
[Black "Cuenca Jimenez, Jose Fernando"]
[Result "1-0"]
[WhiteElo "2412"]
[BlackElo "2496"]
[PlyCount "66"]
[EventDate "2011.??.??"]
[WhiteTeam "Cambridge University 1"]
[BlackTeam "Guildford A&DC 1"]

1. d4 Nf6 2. c4 g6 3. g3 Bg7 4. Bg2 O-O 5. Nc3 d6 6. Nf3 c6 7. O-O Qb6 8. b3 e5
9. d5 e4 10. Ng5 cxd5 11. cxd5 Bf5 12. Be3 Qd8 13. Ngxe4 Nxe4 14. Nxe4 Bxe4 15.
Bxe4 Re8 16. Qd3 Bxa1 17. Rxa1 Nd7 18. Bg2 a6 19. Bd4 Qe7 20. e3 Rac8 21. Bb2
Ne5 22. Qd2 Nd7 23. Re1 Rc7 24. g4 f6 25. Qd4 Nf8 26. Re2 Qg7 27. Qb6 Rd7 28.
Bh3 Rdd8 29. Qd4 Kf7 30. Rc2 Re7 31. Qb6 Rde8 32. Bd4 Qh6 33. Qxd6 g5 {Rest of
scoresheet illegible} 1-0

[Event "4NCL"]
[Site "De Vere, Wokefield Park, ENG"]
[Date "2011.02.20"]
[Round "6.16"]
[White "Cherniaev, Alexander"]
[Black "Bisby, Daniel L"]
[Result "1-0"]
[WhiteElo "2446"]
[BlackElo "2306"]
[PlyCount "66"]
[EventDate "2011.??.??"]
[WhiteTeam "Guildford A&DC 1"]
[BlackTeam "Cambridge University 1"]

1. e4 c5 2. c3 e6 3. d4 d5 4. e5 Nc6 5. Be3 Bd7 6. Qd2 f6 7. f4 Qb6 8. Nf3 Nh6
9. h3 Nf7 10. Be2 Be7 11. O-O f5 12. Kh2 h6 13. Na3 g5 14. g3 g4 15. dxc5 Bxc5
16. Bxc5 Qxc5 17. Nh4 h5 18. b4 Qb6 19. Nc2 O-O-O 20. a4 Rdg8 21. c4 dxc4 22.
a5 Qd8 23. b5 Ne7 24. Rfd1 gxh3 25. Bxc4 Ng6 26. Qc3 Qc7 27. Rxd7 Qc5 28. Rxf7
Qf2+ 29. Kh1 Kb8 30. Rf1 Qc5 31. Qd4 Qc8 32. a6 Nxh4 33. Qd6+ Ka8 1-0

[Event "4NCL"]
[Site "De Vere, Wokefield Park, ENG"]
[Date "2011.02.20"]
[Round "6.16"]
[White "Moskovic, David M"]
[Black "Garrido Dominguez, Jesus"]
[Result "0-1"]
[WhiteElo "2293"]
[BlackElo "2417"]
[PlyCount "114"]
[EventDate "2011.??.??"]
[WhiteTeam "Cambridge University 1"]
[BlackTeam "Guildford A&DC 1"]

1. e4 d6 2. Nc3 Nf6 3. f4 e5 4. Nf3 Nbd7 5. Bc4 c6 6. d3 Be7 7. a3 O-O 8. O-O
exf4 9. Bxf4 Nc5 10. Kh1 Be6 11. Bxe6 Nxe6 12. Be3 d5 13. exd5 Nxd5 14. Nxd5
Qxd5 15. c4 Qd7 16. d4 Bf6 17. Qd2 b6 18. Rad1 Rad8 19. b4 Nc7 20. Bf4 b5 21.
Bxc7 Qxc7 22. cxb5 cxb5 23. d5 Rd6 24. Qd3 Qc4 25. Rf2 Rfd8 26. Rfd2 h5 27. Kg1
a6 28. h3 Qf4 29. Qf1 Qh6 30. Qf2 Qf4 31. Nh2 Qc4 32. Qf3 g6 33. Nf1 Be5 34.
Ne3 Qh4 35. Rf1 Rf6 36. Qd1 Bf4 37. Rf3 Re8 38. Qe2 Bd6 39. Qf2 Rxf3 40. Qxf3
Qg5 41. Nf1 Re5 42. Rf2 Qe7 43. Rd2 Rf5 44. Qd1 Re5 45. Qf3 a5 46. bxa5 Qa7+
47. Kh1 Qxa5 48. g4 Qc7 49. Rg2 Qc4 50. gxh5 Rxh5 51. Ne3 Qh4 52. Ng4 Qxh3+ 53.
Qxh3 Rxh3+ 54. Kg1 Kg7 55. Kf1 f5 56. Nf2 Rxa3 57. Nd1 Rd3 0-1

[Event "4NCL"]
[Site "De Vere, Wokefield Park, ENG"]
[Date "2011.02.20"]
[Round "6.16"]
[White "Camacho Collados, Marcos"]
[Black "Pinter, Gabor"]
[Result "1-0"]
[WhiteElo "2376"]
[BlackElo "2363"]
[PlyCount "109"]
[EventDate "2011.??.??"]
[WhiteTeam "Guildford A&DC 1"]
[BlackTeam "Cambridge University 1"]

1. e4 c5 2. Nf3 e6 3. d3 Nc6 4. g3 Nge7 5. Bg2 g6 6. O-O Bg7 7. c3 d5 8. Nbd2
b6 9. Re1 Bb7 10. Nf1 h6 11. h4 Qd7 12. e5 d4 13. c4 O-O-O 14. a3 a5 15. Bd2
Qc7 16. Qe2 g5 17. hxg5 Ng6 18. gxh6 Bxh6 19. Bxh6 Rxh6 20. Ng5 Ncxe5 21. f4
Bxg2 22. Kxg2 Qb7+ 23. Qe4 Nxd3 24. Qxb7+ Kxb7 25. Nxf7 Ngxf4+ 26. Kf3 Nxe1+
27. Rxe1 Rf8 28. Nxh6 Nd3+ 29. Ke2 Nxe1 30. Kxe1 Rf6 31. Ng4 Rf5 32. Nf2 Kc6
33. g4 Rf4 34. Nd3 Rf8 35. Ng3 b5 36. cxb5+ Kd5 37. Nf2 c4 38. Nfe4 d3 39. g5
Kd4 40. b6 Rb8 41. g6 Rxb6 42. g7 Rb8 43. Nd6 c3 44. Nb5+ Kc4 45. Nxc3 Kb3 46.
Nd1 a4 47. Kd2 Rg8 48. Nh5 e5 49. Kxd3 e4+ 50. Kxe4 Kc2 51. Nc3 Kxb2 52. Nb5
Kb3 53. Kd5 Rd8+ 54. Ke6 Kc4 55. Nd6+ 1-0

[Event "4NCL"]
[Site "De Vere, Wokefield Park, ENG"]
[Date "2011.02.20"]
[Round "6.16"]
[White "Shridhar Mitesh"]
[Black "Povah, Nigel E"]
[Result "0-1"]
[WhiteElo "2118"]
[BlackElo "2336"]
[PlyCount "94"]
[EventDate "2011.??.??"]
[WhiteTeam "Cambridge University 1"]
[BlackTeam "Guildford A&DC 1"]

1. e4 c5 2. c3 Nf6 3. e5 Nd5 4. d4 cxd4 5. Nf3 e6 6. cxd4 b6 7. Bd3 Bb7 8. O-O
Be7 9. Nbd2 O-O 10. Ne4 f5 11. exf6 gxf6 12. Bd2 Rf7 13. a3 Kh8 14. Re1 Na6 15.
Bf1 Nac7 16. g3 Rg7 17. Bg2 Qe8 18. Bh6 Rg8 19. Rc1 Nb5 20. Qb3 Nd6 21. Nxd6
Bxd6 22. Nd2 Rb8 23. Ne4 Be7 24. Nc3 Nxc3 25. Rxc3 Bxg2 26. Kxg2 Bd6 27. Qb5
Rb7 28. Rec1 Qg6 29. Be3 Qe4+ 30. Kg1 f5 31. Rc8 Rxc8 32. Rxc8+ Kg7 33. Qe2 Qg4
34. Qd2 Rc7 35. Rxc7 Bxc7 36. d5 e5 37. d6 Bd8 38. Qd5 Bf6 39. Bd2 Qd1+ 40. Kg2
f4 41. gxf4 Qg4+ 42. Kf1 exf4 43. b4 Qd1+ 44. Kg2 f3+ 45. Kh3 Qf1+ 46. Kg4 Qxf2
47. Bf4 Qg1+ 0-1

[Event "4NCL"]
[Site "De Vere, Wokefield Park, ENG"]
[Date "2011.02.20"]
[Round "6.16"]
[White "Anderton, Matthew N"]
[Black "Pickard, Charles"]
[Result "1/2-1/2"]
[WhiteElo "2225"]
[BlackElo "2134"]
[PlyCount "70"]
[EventDate "2011.??.??"]
[WhiteTeam "Guildford A&DC 1"]
[BlackTeam "Cambridge University 1"]

1. e4 c5 2. c3 d5 3. exd5 Qxd5 4. Nf3 Bg4 5. Be2 Nc6 6. h3 Bxf3 7. Bxf3 Qe5+ 8.
Qe2 Qxe2+ 9. Kxe2 Rc8 10. d3 e6 11. Na3 Nf6 12. Re1 Nd5 13. Kf1 Kd7 14. Nc4 b5
15. Bxd5 exd5 16. Ne5+ Nxe5 17. Rxe5 Kc6 18. Rf5 Rc7 19. a4 Rd7 20. axb5+ Kxb5
21. Be3 a5 22. Rxd5 Rxd5 23. c4+ Kb6 24. cxd5 Bd6 25. Bd2 Ra8 26. Bc3 g6 27.
Ra4 Kb5 28. b3 Bc7 29. Re4 Bd6 30. Ra4 Bc7 31. Re4 Bd6 32. Ke2 Rd8 33. Kd2 f5
34. Rh4 h5 35. Ra4 Bc7 1/2-1/2

[Event "4NCL"]
[Site "De Vere, Wokefield Park, ENG"]
[Date "2011.02.20"]
[Round "6.16"]
[White "Chevannes, Sabrina L"]
[Black "Grigoryan, Meri"]
[Result "1-0"]
[WhiteElo "2062"]
[BlackElo "2064"]
[PlyCount "101"]
[EventDate "2011.??.??"]
[WhiteTeam "Cambridge University 1"]
[BlackTeam "Guildford A&DC 1"]

1. d4 Nf6 2. Nf3 e6 3. Bg5 c5 4. e3 h6 5. Bxf6 Qxf6 6. Nbd2 cxd4 7. exd4 d5 8.
c3 Bd6 9. Bd3 Nc6 10. O-O O-O 11. Bc2 b6 12. Re1 Ba6 13. Nf1 Rac8 14. Ne3 h5
15. Nf1 g6 16. Bd3 Bb7 17. Qe2 Rfe8 18. Ne5 Bxe5 19. dxe5 Qg5 20. Qd2 Qxd2 21.
Nxd2 Red8 22. a3 Na5 23. Rad1 Bc6 24. Nf3 Ba4 25. Rd2 Nb3 26. Rde2 d4 27. Nxd4
Nxd4 28. cxd4 Rxd4 29. Re4 Rcd8 30. Rxd4 Rxd4 31. Re3 a6 32. f3 b5 33. Be4 Bd1
34. Rd3 Rxd3 35. Bxd3 Kf8 36. Kf2 Ke7 37. Ke3 Bb3 38. Be4 Bc4 39. b4 Bf1 40. g3
Bc4 41. Bb7 Kd7 42. Bxa6 Kc6 43. a4 Kd5 44. Bxb5 Bxb5 45. axb5 Kxe5 46. f4+ Kd5
47. h3 f6 48. Kd3 h4 49. g4 f5 50. gxf5 exf5 51. Ke3 1-0

[Event "4NCL"]
[Site "De Vere, Wokefield Park, ENG"]
[Date "2011.02.20"]
[Round "6.17"]
[White "Rogers, Jonathan W"]
[Black "Rose, Matthew"]
[Result "1/2-1/2"]
[WhiteElo "2338"]
[BlackElo "2276"]
[PlyCount "151"]
[EventDate "2011.??.??"]
[WhiteTeam "Barbican 4NCL 2"]
[BlackTeam "Oxford 1"]

1. b4 d5 2. Nf3 Qd6 3. a3 e5 4. e3 Bg4 5. Bb2 f6 6. d4 e4 7. h3 Be6 8. Nfd2 f5
9. c4 c6 10. Nc3 Nf6 11. Rc1 a6 12. Na4 Nbd7 13. cxd5 cxd5 14. Nc5 Rb8 15. b5
Be7 16. Ndb3 axb5 17. Bxb5 O-O 18. O-O b6 19. Nxe6 Qxe6 20. Rc6 Bd6 21. Qe2 Qe7
22. a4 f4 23. exf4 Bxf4 24. Bc1 Bxc1 25. Rfxc1 Rf7 26. Rc8+ Rxc8 27. Rxc8+ Rf8
28. Rc7 Qd6 29. Qc2 h6 30. Nd2 Rf7 31. Nf1 Nf8 32. Rc8 Qb4 33. Qd2 Qxd2 34.
Nxd2 Re7 35. Rb8 Re6 36. Nc4 dxc4 37. Bxc4 Kf7 38. Rxf8+ Kxf8 39. Bxe6 Ke7 40.
Bb3 Kd6 41. Kf1 Nd5 42. Ke2 Nf4+ 43. Ke3 Nxg2+ 44. Kxe4 g5 45. Kf3 Ne1+ 46. Kg4
Nd3 47. f3 Nf2+ 48. Kg3 Nd3 49. Bc4 Ne1 50. f4 Nc2 51. fxg5 hxg5 52. Ba2 Nxd4
53. Kg4 Ke5 54. Kxg5 Nf3+ 55. Kg6 Nh4+ 56. Kh5 Nf3 57. h4 Kf6 58. Bd5 Nd4 59.
Bc4 Nf5 60. Bd3 Ne3 61. Kh6 Ng4+ 62. Kh7 Ne5 63. Be4 Nf7 64. Bd5 Nd6 65. h5 Nf5
66. Be4 Ne7 67. h6 Kf7 68. Bc6 Kf6 69. Be8 Nf5 70. Bg6 Ne7 71. Bh5 Nf5 72. Bg4
Ne7 73. Bd1 Kf7 74. Bb3+ Kf6 75. Ba2 Nf5 76. Bb1 1/2-1/2

[Event "4NCL"]
[Site "De Vere, Wokefield Park, ENG"]
[Date "2011.02.20"]
[Round "6.17"]
[White "Savage, Ben DM"]
[Black "Morrison, Graham"]
[Result "1/2-1/2"]
[WhiteElo "2289"]
[BlackElo "2340"]
[PlyCount "42"]
[EventDate "2011.??.??"]
[WhiteTeam "Oxford 1"]
[BlackTeam "Barbican 4NCL 2"]

1. d4 Nf6 2. c4 e6 3. Nc3 Bb4 4. Qc2 O-O 5. a3 Bxc3+ 6. Qxc3 b6 7. Bg5 Bb7 8.
e3 d6 9. Ne2 Nbd7 10. Qd3 c5 11. Nc3 Qe7 12. f3 Rfd8 13. Be2 h6 14. Bh4 Nf8 15.
O-O N8h7 16. Bf2 cxd4 17. Qxd4 e5 18. Qd2 d5 19. cxd5 Nxd5 20. Rfd1 e4 21. Nxd5
Rxd5 1/2-1/2

[Event "4NCL"]
[Site "De Vere, Wokefield Park, ENG"]
[Date "2011.02.20"]
[Round "6.17"]
[White "Berry, Neil"]
[Black "Tsanas, Thanasis"]
[Result "0-1"]
[WhiteElo "2331"]
[BlackElo "2264"]
[PlyCount "64"]
[EventDate "2011.??.??"]
[WhiteTeam "Barbican 4NCL 2"]
[BlackTeam "Oxford 1"]

1. c4 Nf6 2. g3 g6 3. Bg2 Bg7 4. Nc3 O-O 5. d4 d6 6. Nf3 Nbd7 7. O-O e5 8. e4
exd4 9. Nxd4 Re8 10. h3 a6 11. Re1 Rb8 12. b3 c5 13. Nf3 b5 14. Qxd6 b4 15. Na4
Nxe4 16. Rxe4 Rxe4 17. Nxc5 Bxa1 18. Nxe4 Bb7 19. Bg5 Qe8 20. Nfd2 Be5 21. Qd3
Qe6 22. Nf3 Bg7 23. Nd4 Qe5 24. Nf3 Qxe4 25. Qxd7 Ba8 26. Be7 h6 27. Kh2 Qe2
28. Bd6 Qxf2 29. Nh4 Bd4 30. g4 Qg1+ 31. Kg3 Qe1+ 32. Kf4 Qe3# 0-1

[Event "4NCL"]
[Site "De Vere, Wokefield Park, ENG"]
[Date "2011.02.20"]
[Round "6.17"]
[White "White, Michael JR"]
[Black "Poobalasingam, Peter S"]
[Result "1-0"]
[WhiteElo "2237"]
[BlackElo "2321"]
[PlyCount "81"]
[EventDate "2011.??.??"]
[WhiteTeam "Oxford 1"]
[BlackTeam "Barbican 4NCL 2"]

1. e4 e6 2. d4 d5 3. e5 c5 4. c3 Qb6 5. Nf3 Nc6 6. a3 a5 7. Bd3 Bd7 8. O-O Nh6
9. Bc2 Qa7 10. h3 b5 11. b3 Qb8 12. Re1 b4 13. axb4 axb4 14. Rxa8 Qxa8 15. c4
Nxd4 16. Nxd4 cxd4 17. Qxd4 Qc8 18. Be3 dxc4 19. bxc4 b3 20. Be4 Nf5 21. Bxf5
exf5 22. Nc3 Bb4 23. e6 fxe6 24. Qxg7 Bxc3 25. Qxc3 Rg8 26. Qxb3 Kf7 27. Bd4
Qc6 28. f3 Qd6 29. Bf2 Bc6 30. Qe3 Rg6 31. Ra1 e5 32. Ra7+ Ke6 33. Bh4 Qd4 34.
Qxd4 exd4 35. Kf1 h6 36. Bf2 Ke5 37. Ra5+ Kf4 38. Bxd4 Kg3 39. Rxf5 Kh2 40. Rf6
Rxg2 41. Rxc6 1-0